000 00851nam a2200265Ia 4500
003 OSt
005 20220926020919.0
006 a|||||r|||| 00| 0
007 ta
008 220923b |||||||| |||| 00| 0 eng d
020 _a9780387402932
_c2502.9499999999998
037 _b8421, 19/03/2009, Elite Publisher Distributors
_cGeneral Book
040 _aRTL
_cRTL
_beng
041 _2eng
_aeng
082 _aB26, P9
100 _aGivant Steven
_9325379
245 0 _aIntroduction to Boolean algebras.
260 _aNew York
_bSpringer.Science+Business
_c2009
300 _axiv, 574p.
_ccm.
500 _aBibliography: P.536-541
650 _aEconomics
700 _a Halmos Paul
_986048
942 _hB26, P9
_cGB
_2CC
999 _c635243
_d635243